| 000 | 00687nam a2200229 u 4500 | ||
|---|---|---|---|
| 005 | 20240924070607.0 | ||
| 008 | 120316s2002 r 000 0 eng d | ||
| 020 | _a9788481645026 | ||
| 035 | _aUPN01000183741 | ||
| 049 | _aCG | ||
| 050 | 4 |
_aB3248 _bG3.2 |
|
| 100 | 1 |
_aGadamer, Hans-Georg, _d1900-2002 |
|
| 245 | 1 | 0 |
_aAcotaciones hermenéuticas / _cHans-Georg Gadamer ; tr. Ana Agud. |
| 260 |
_aMadrid : _bTrotta, _c2002. |
||
| 300 | _a299 p. | ||
| 440 | 0 |
_aEstructura y procesos. _pFilosofia |
|
| 534 |
_pTitulo original: _tHermeneutische entwürfe |
||
| 650 | 4 |
_aHermenéutica _95799 |
|
| 650 | 4 |
_aFILOSOFIA - _xHISTORIA - _ySIGLO XX _917331 |
|
| 905 | _aLibro | ||
| 999 |
_c155844 _d155844 |
||